[Event "World Blitz 2025"]
[Site "Doha QAT"]
[Date "2025.12.29"]
[Round "7.72"]
[White "Petrov, Nikita"]
[Black "Xiao, Tong(QD)"]
[Result "0-1"]
[WhiteTitle "GM"]
[BlackTitle "GM"]
[WhiteElo "2578"]
[BlackElo "2555"]
[WhiteFideId "4101286"]
[BlackFideId "8622388"]
[EventDate "2025.12.29"]

1. d4 Nf6 2. Bg5 d5 3. Nd2 e6 4. e3 Be7 5. Ngf3 O-O 6. Bd3 c5 7. c3 b6 8. Ne5
Bb7 9. O-O Nbd7 10. f4 h6 11. Bh4 Ne4 12. Bxe7 Qxe7 13. Bxe4 dxe4 14. Nxd7 Qxd7
15. dxc5 bxc5 16. Nc4 Qd3 17. Qxd3 exd3 18. Rfd1 Be4 19. Nd2 f5 20. Kf2 a5 21.
Nc4 a4 22. Ne5 Rfd8 23. Rd2 Rd6 24. g4 Rb8 25. Rad1 Kh7 26. h3 Rb7 27. h4 fxg4
28. h5 Bf5 29. Re1 Be4 30. Kg3 Rb5 31. Kxg4 Rd8 32. Rf1 Rb7 33. Kg3 Rdb8 34.
Rff2 Rd8 35. Rh2 Kg8 36. Kf2 Kf8 37. Ke1 Ke7 38. Kd1 Rc7 39. c4 Rb7 40. Rh3 Kf6
41. Rg3 Rb6 42. Kc1 Rb7 43. Ng4+ Kf7 44. Nf2 Bh7 45. e4 Rb4 46. Rgxd3 Rxc4+ 47.
Rc3 Rxd2 48. Kxd2 Rb4 49. Rxc5 Rxb2+ 50. Rc2 Rxc2+ 51. Kxc2 g6 52. hxg6+ Bxg6
53. Kd2 Ke7 54. Ke3 h5 55. Kf3 Kd6 56. Nd3 h4 57. Nb2 h3 58. Kg3 a3 59. Nc4+ Kc5
60. Nxa3 Bxe4 61. Kxh3 Kb4 0-1

[Event "World Blitz 2025"]
[Site "Doha QAT"]
[Date "2025.12.29"]
[Round "7.73"]
[White "Orozbaev, Eldiyar"]
[Black "Haug, Havard"]
[Result "1-0"]
[WhiteTitle "IM"]
[BlackTitle "FM"]
[WhiteElo "2348"]
[BlackElo "2416"]
[WhiteFideId "13802240"]
[BlackFideId "1547887"]
[EventDate "2025.12.29"]

1. e4 g6 2. d4 Bg7 3. Nf3 c6 4. c4 d5 5. e5 Bg4 6. Nc3 Bxf3 7. Qxf3 e6 8. cxd5
exd5 9. Bd3 Ne7 10. Bg5 Nd7 11. O-O-O Nf8 12. Bf6 Ne6 13. Bc2 Qb6 14. Bxg7 Nxg7
15. Qf6 Rg8 16. Na4 Qc7 17. Nc5 O-O-O 18. g4 Rdf8 19. f4 Kb8 20. f5 h5 21. Qd6
gxf5 22. Nd7+ Kc8 23. Nxf8 Rxf8 24. Qf6 Ne8 25. Qh6 Rg8 26. gxf5 Qa5 27. f6 Qxa2
28. fxe7 Rg2 29. Rd2 Rg7 30. e6 f6 31. Qxh5 Rxe7 32. Qf5 Nd6 33. Qxf6 Re8 34. e7
Nc4 35. Qf8 Qxb2+ 36. Kd1 Kd7 37. Bf5+ Kc7 38. Rxb2 1-0

[Event "World Blitz 2025"]
[Site "Doha QAT"]
[Date "2025.12.29"]
[Round "7.74"]
[White "Agmanov, Zhandos"]
[Black "Anton Guijarro, David"]
[Result "1-0"]
[WhiteTitle "IM"]
[BlackTitle "GM"]
[WhiteElo "2471"]
[BlackElo "2646"]
[WhiteFideId "13708309"]
[BlackFideId "2285525"]
[EventDate "2025.12.29"]

1. e4 c6 2. Nf3 d5 3. d3 e6 4. Qe2 Nf6 5. g3 Be7 6. Bg2 c5 7. O-O Nc6 8. c3 O-O
9. Rd1 b5 10. exd5 exd5 11. d4 c4 12. Ne5 Bb7 13. Bg5 h6 14. Bxf6 Bxf6 15. f4
Ne7 16. Nd2 Nf5 17. Nf1 Re8 18. Qg4 g6 19. Re1 h5 20. Qf3 Kg7 21. Ne3 Nxe3 22.
Rxe3 Qd6 23. Rae1 Re7 24. h4 Rae8 25. Kh2 a5 26. a3 b4 27. axb4 axb4 28. Ra1 Ra8
29. Rxa8 Bxa8 30. Re1 Bb7 31. Ra1 b3 32. Qf1 Qb6 33. Bf3 Re8 34. Qg2 Rd8 35. Ra4
Qd6 36. Nxc4 dxc4 37. Bxb7 Re8 38. Bd5 Bxh4 39. Ra7 Be7 40. Bxc4 Rd8 41. Qe4 Kf8
42. Qe5 Qxe5 43. fxe5 Rb8 44. d5 Ke8 45. d6 Bg5 46. Bxf7+ Kf8 47. Bxg6 Rb6 48.
c4 Rc6 49. c5 Rxc5 50. e6 Re5 51. e7+ Bxe7 52. dxe7+ 1-0

[Event "World Blitz 2025"]
[Site "Doha QAT"]
[Date "2025.12.29"]
[Round "7.75"]
[White "Warmerdam, Max"]
[Black "Shogdzhiev, Roman"]
[Result "0-1"]
[WhiteTitle "GM"]
[BlackTitle "IM"]
[WhiteElo "2573"]
[BlackElo "2403"]
[WhiteFideId "1048104"]
[BlackFideId "55653537"]
[EventDate "2025.12.29"]

1. Nf3 d5 2. g3 Nf6 3. Bg2 g6 4. c4 c6 5. b3 Bg7 6. Bb2 O-O 7. O-O a5 8. Nc3 d4
9. Na4 Ne8 10. c5 Bf5 11. Rc1 e5 12. e3 dxe3 13. dxe3 Nd7 14. Qe2 Qe7 15. Rfd1
Bg4 16. h3 Bxf3 17. Bxf3 Nc7 18. e4 h5 19. h4 Ne6 20. Bg2 Nd4 21. Qc4 Rad8 22.
Bh3 Nf6 23. Qd3 Bh6 24. Rc4 Nb5 25. Qe2 Rxd1+ 26. Qxd1 Rd8 27. Qe1 Nd4 28. Bxd4
exd4 29. e5 d3 30. Nc3 d2 31. Qe2 Nd5 32. Nd1 Nb4 33. f4 Nd3 34. Rc2 Nxf4 35.
gxf4 Bxf4 36. e6 Qxh4 37. exf7+ Kg7 38. Bg2 Qe1+ 39. Bf1 Rd5 40. Qf3 Rg5+ 41.
Kh1 Rf5 42. Kg2 Rg5+ 43. Kh1 Rf5 44. Kg2 Be5 45. Qd3 Rxf1 46. Qxf1 Qg3+ 0-1

[Event "World Blitz 2025"]
[Site "Doha QAT"]
[Date "2025.12.29"]
[Round "7.76"]
[White "Al Hosani, Omran"]
[Black "Kadric, Denis"]
[Result "0-1"]
[WhiteTitle "IM"]
[BlackTitle "GM"]
[WhiteElo "2340"]
[BlackElo "2543"]
[WhiteFideId "9308733"]
[BlackFideId "14403803"]
[EventDate "2025.12.29"]

1. d4 d6 2. e4 Nf6 3. Nc3 Nbd7 4. Nf3 e5 5. g3 c6 6. Bg2 b5 7. a3 Be7 8. O-O O-O
9. Re1 Re8 10. Be3 Bb7 11. h3 a5 12. g4 b4 13. Na4 Nxe4 14. dxe5 d5 15. Nd2 Nxd2
16. Bxd2 Bh4 17. axb4 axb4 18. Bxb4 Nxe5 19. Nc5 Rxa1 20. Qxa1 Bc8 21. Bc3 d4
22. Bd2 h5 23. Bf4 Ng6 24. Bg3 Bxg3 25. fxg3 hxg4 26. hxg4 Re3 27. b4 Bxg4 28.
Nb3 Qe7 29. Rf1 Rxg3 30. Qxd4 Nh4 31. Rf2 Nf3+ 32. Rxf3 Bxf3 33. Kf2 Rxg2+ 34.
Kxf3 Qe2+ 0-1

[Event "World Blitz 2025"]
[Site "Doha QAT"]
[Date "2025.12.29"]
[Round "7.97"]
[White "Rami, Talab"]
[Black "Sasikiran, Krishnan"]
[Result "0-1"]
[BlackTitle "GM"]
[WhiteElo "2173"]
[BlackElo "2538"]
[WhiteFideId "7609787"]
[BlackFideId "5004985"]
[EventDate "2025.12.29"]

1. d4 Nf6 2. Nf3 g6 3. c4 Bg7 4. Nc3 O-O 5. e4 d6 6. Be2 e5 7. dxe5 dxe5 8. Qxd8
Rxd8 9. Bg5 Re8 10. Nd5 Nxd5 11. cxd5 c6 12. Bc4 cxd5 13. Bxd5 Nd7 14. O-O-O h6
15. Be3 Nf6 16. Kb1 Nxd5 17. Rxd5 b6 18. Rdd1 Bb7 19. Nd2 f5 20. f3 Rac8 21. Rc1
Ba6 22. b3 Bf8 23. Kb2 Red8 24. Rxc8 Rxc8 25. Rc1 Ba3+ 26. Kxa3 Rxc1 27. Bxh6
Rc2 28. exf5 gxf5 29. g3 Kf7 30. h4 f4 31. Ne4 fxg3 32. Nxg3 Bb7 33. f4 Rg2 34.
Nf1 exf4 35. Bxf4 Rf2 36. Bb8 Rxf1 37. Bxa7 b5 38. Kb4 Bc6 39. Bb8 Rh1 40. Bg3
Ke6 41. Kc5 Be8 42. a3 Rh3 43. Be1 Rxb3 44. Bb4 Re3 45. Kb6 Re4 46. h5 Rh4 47.
h6 Rxh6 48. Kc5 Rh5+ 49. Kb6 Kd5 50. Bc3 Rh6+ 51. Ka5 Kc4 52. Bb4 Re6 53. Bd2
Bd7 54. a4 bxa4 55. Bc3 a3 56. Bb2 Ra6+ 57. Kxa6 axb2 58. Ka5 0-1

[Event "World Blitz 2025"]
[Site "Doha QAT"]
[Date "2025.12.29"]
[Round "7.98"]
[White "Anwoir, Tarik"]
[Black "Jumabayev, Rinat"]
[Result "0-1"]
[BlackTitle "GM"]
[WhiteElo "2098"]
[BlackElo "2560"]
[WhiteFideId "9004904"]
[BlackFideId "13702661"]
[EventDate "2025.12.29"]

1. e4 c5 2. Nf3 e6 3. g3 Nc6 4. Bg2 Nf6 5. d3 d5 6. exd5 Nxd5 7. O-O Be7 8. Re1
O-O 9. Bd2 b6 10. Nc3 Bb7 11. Nxd5 Qxd5 12. Ne5 Qxg2+ 13. Kxg2 Nxe5+ 14. Kf1 Nf3
15. h4 Nh2+ 16. Kg1 Nf3+ 17. Kf1 Bf6 18. Bc3 Nh2+ 19. Kg1 Nf3+ 20. Kf1 Bxc3 21.
bxc3 Nh2+ 22. Kg1 Nf3+ 23. Kf1 Nxe1 24. Qxe1 Rfd8 25. c4 h6 26. Qe5 Rd7 27. a4
Re8 28. a5 f6 29. Qe3 e5 30. axb6 axb6 31. Rb1 Re6 32. Qe2 e4 33. Qg4 Rde7 34.
dxe4 Bxe4 35. Qf4 Bxc2 36. Rc1 Be4 37. Qb8+ Kf7 38. Qf4 h5 39. Kg1 Bc6 40. Kf1
Be4 41. Kg1 Bc6 42. Kf1 Rd7 43. Qf5 Re5 44. Qf4 Rd4 45. Qxd4 cxd4 46. Rb1 b5 47.
cxb5 Bxb5+ 48. Kg2 d3 49. Rd1 Bc6+ 50. Kf1 Bf3 51. Rd2 Rc5 0-1

[Event "World Blitz 2025"]
[Site "Doha QAT"]
[Date "2025.12.29"]
[Round "7.99"]
[White "Ansat, Aldiyar"]
[Black "Bilguun, Sumiya"]
[Result "1-0"]
[WhiteTitle "IM"]
[BlackTitle "GM"]
[WhiteElo "2479"]
[BlackElo "2442"]
[WhiteFideId "13715658"]
[BlackFideId "4901541"]
[EventDate "2025.12.29"]

1. e4 c5 2. Nf3 e6 3. d4 cxd4 4. Nxd4 a6 5. Nc3 Qc7 6. a3 Nf6 7. Be3 b5 8. f4
Bb7 9. Bd3 Nc6 10. Nxc6 Bxc6 11. O-O h5 12. h3 h4 13. Qf3 Nh5 14. Ne2 Qb7 15. f5
e5 16. Nc3 Nf6 17. Bg5 Bc5+ 18. Kh1 Bd4 19. Rae1 Rc8 20. Nd1 d5 21. Bxf6 gxf6
22. c3 dxe4 23. Bxe4 Bxe4 24. Rxe4 Kf8 25. cxd4 Rg8 26. dxe5 Rg3 27. Qe2 fxe5
28. Rxh4 Kg8 29. Rg4+ Rxg4 30. Qxg4+ Kf8 31. f6 Rc2 32. Qg7+ 1-0

[Event "World Blitz 2025"]
[Site "Doha QAT"]
[Date "2025.12.29"]
[Round "7.100"]
[White "Le, Tuan Minh"]
[Black "Suleimen, Ergali"]
[Result "1-0"]
[WhiteTitle "GM"]
[BlackTitle "IM"]
[WhiteElo "2598"]
[BlackElo "2419"]
[WhiteFideId "12401153"]
[BlackFideId "13724452"]
[EventDate "2025.12.29"]

1. d4 Nf6 2. Nf3 g6 3. c4 Bg7 4. g3 O-O 5. Bg2 d6 6. O-O Ne4 7. Qc2 f5 8. b3 Nc6
9. Bb2 e5 10. Rd1 Qe7 11. dxe5 dxe5 12. Ne1 Nd4 13. Bxd4 exd4 14. Nd3 Bd7 15.
Re1 Rae8 16. Nd2 Bc6 17. b4 Qf6 18. b5 Bd7 19. c5 Kh8 20. a4 Nc3 21. Bxb7 Nxe2+
22. Kf1 f4 23. Rxe2 Bh3+ 24. Ke1 fxg3 25. hxg3 Rxe2+ 26. Kxe2 Re8+ 27. Kd1 Qe6
28. Kc1 Qf5 29. Be4 Rxe4 30. Nxe4 Qxe4 31. Kb2 Bf5 32. Re1 Qa8 33. Qe2 h5 34.
Qe8+ Qxe8 35. Rxe8+ Kh7 36. Kc2 g5 37. a5 h4 38. gxh4 gxh4 39. b6 cxb6 40. cxb6
axb6 41. axb6 h3 42. b7 h2 43. Re1 Be5 44. Rxe5 h1=Q 45. b8=Q Qc6+ 46. Kd1 Qf3+
47. Kc1 Qxd3 48. Re7+ Kh6 49. Qh8+ Kg5 50. Qg7+ Bg6 51. Qe5+ Kh6 52. Qf4+ Kh5
53. Re5+ 1-0

[Event "World Blitz 2025"]
[Site "Doha QAT"]
[Date "2025.12.29"]
[Round "7.101"]
[White "Davtyan, Artur"]
[Black "Quparadze, Giga"]
[Result "1/2-1/2"]
[WhiteTitle "IM"]
[BlackTitle "GM"]
[WhiteElo "2474"]
[BlackElo "2502"]
[WhiteFideId "13308327"]
[BlackFideId "13602250"]
[EventDate "2025.12.29"]

1. e4 c5 2. Nc3 e6 3. g3 Nc6 4. Bg2 g6 5. d3 Bg7 6. Nge2 d6 7. Be3 Nd4 8. Qd2
Ne7 9. O-O Nec6 10. f4 O-O 11. Nd1 b5 12. Nxd4 cxd4 13. Bf2 Bb7 14. Kh1 Rc8 15.
Bg1 Qa5 16. c3 dxc3 17. bxc3 Rc7 18. Rb1 Rfc8 19. Rb3 Ne7 20. Bf2 f5 21. Re1
fxe4 22. Bxe4 d5 23. Bf3 d4 24. Bxb7 Rxb7 25. Rxe6 dxc3 26. Qc2 Qd8 27. Re4 a5
28. Ne3 Nf5 29. Ng4 Qd5 30. Kg1 Rd7 31. Ne5 Bxe5 32. Rxe5 Qxd3 33. Qc1 Qd1+ 34.
Re1 Qxc1 35. Rxc1 b4 36. Kf1 c2 37. Ke2 Nd4+ 38. Bxd4 Rxd4 39. Rb2 Rdc4 40. Kd2
Kf7 41. Rbxc2 Rxc2+ 42. Rxc2 Rd8+ 43. Ke3 Rd7 44. Rc5 Re7+ 45. Kd3 Ra7 46. Kc4
Kf6 47. g4 Ke6 48. f5+ Kf6 49. fxg6 hxg6 50. h4 Re7 51. g5+ Kf7 52. Rxa5 Re4+
53. Kb3 Rxh4 54. Rb5 Rg4 55. Re5 Rf4 56. Ka4 Rg4 57. Kb3 Rd4 58. Rc5 Rg4 59. Re5
Rg2 60. Ra5 Rg4 61. Re5 Rd4 62. Rc5 Rg4 63. Re5 Rh4 64. Rc5 Ke6 65. Rc4 Rh5 66.
Rxb4 Rxg5 67. a4 Rg3+ 68. Kc4 g5 69. a5 Rg4+ 70. Kb5 Rxb4+ 71. Kxb4 Kd6 72. Kc4
g4 73. Kd4 g3 1/2-1/2

[Event "World Blitz 2025"]
[Site "Doha QAT"]
[Date "2025.12.29"]
[Round "7.102"]
[White "Vakhidov, Jakhongir"]
[Black "Gharibyan, Mamikon"]
[Result "0-1"]
[WhiteTitle "GM"]
[BlackTitle "GM"]
[WhiteElo "2516"]
[BlackElo "2491"]
[WhiteFideId "14201801"]
[BlackFideId "13308300"]
[EventDate "2025.12.29"]

1. c4 e6 2. Nc3 d5 3. d4 Nf6 4. cxd5 exd5 5. Bg5 Be7 6. e3 O-O 7. Bd3 Re8 8.
Nge2 c6 9. O-O Nbd7 10. a4 a5 11. Qc2 Nf8 12. Rae1 Ng6 13. f3 h6 14. Bxg6 hxg5
15. Bf5 Bb4 16. Ng3 Be6 17. Bxe6 Rxe6 18. Qf5 Nh7 19. Qd3 Qd7 20. e4 dxe4 21.
fxe4 Rd8 22. Rd1 Nf6 23. Kh1 c5 24. e5 Ne8 25. Nf5 cxd4 26. Nxd4 Rxe5 27. Qf3
Nf6 28. Nc6 Qxc6 29. Rxd8+ Kh7 30. Qh3+ Kg6 31. Qd3+ Ne4 32. Nd5 f5 33. Rf8 Bxf8
34. Ne3 Bc5 35. Nc4 Re6 36. Qh3 Nf2+ 0-1

[Event "World Blitz 2025"]
[Site "Doha QAT"]
[Date "2025.12.29"]
[Round "7.103"]
[White "Bai, Adelard"]
[Black "Puranik, Abhimanyu"]
[Result "1-0"]
[WhiteTitle "IM"]
[BlackTitle "GM"]
[WhiteElo "2417"]
[BlackElo "2622"]
[WhiteFideId "16301188"]
[BlackFideId "5061245"]
[EventDate "2025.12.29"]

1. d4 d5 2. Nc3 c5 3. e4 dxe4 4. d5 Nf6 5. Bg5 Nbd7 6. Nge2 g6 7. Ng3 Bg7 8. Qd2
O-O 9. Be2 Nb6 10. Rd1 Bf5 11. Nxf5 gxf5 12. O-O Qd7 13. f3 Rad8 14. fxe4 Nxe4
15. Nxe4 fxe4 16. c4 f5 17. Kh1 Qd6 18. b3 Nd7 19. Qe3 Ne5 20. b4 b6 21. bxc5
bxc5 22. Qh3 h6 23. Be3 Qg6 24. Bxc5 Rd7 25. Be3 Ng4 26. Bxg4 fxg4 27. Rxf8+
Bxf8 28. Qg3 Bg7 29. Qf4 e6 30. Qb8+ Kh7 31. Qb5 Qh5 32. Qxd7 g3 33. Bg1 Qxd1
34. Qxe6 Qd3 35. Qf5+ Kg8 36. Qe6+ Kh8 37. hxg3 Qe2 38. Qc8+ Kh7 39. Qf5+ Kg8
40. d6 e3 41. d7 Qd1 42. Qe6+ Kh7 43. Qe8 1-0

[Event "World Blitz 2025"]
[Site "Doha QAT"]
[Date "2025.12.29"]
[Round "7.104"]
[White "Altini, Nicola"]
[Black "Henriquez Villagra, Cristobal"]
[Result "1/2-1/2"]
[WhiteTitle "IM"]
[BlackTitle "GM"]
[WhiteElo "2360"]
[BlackElo "2598"]
[WhiteFideId "833924"]
[BlackFideId "3409350"]
[EventDate "2025.12.29"]

1. d4 Nf6 2. c4 g6 3. Nc3 Bg7 4. e4 d6 5. h3 e5 6. d5 a5 7. Be3 Na6 8. Nf3 Nc5
9. Nd2 b6 10. Be2 Bd7 11. Qc2 Qe7 12. b3 O-O 13. g4 Ne8 14. h4 f5 15. gxf5 gxf5
16. Bg5 Qf7 17. h5 Kh8 18. h6 Bf6 19. Bxf6+ Nxf6 20. exf5 e4 21. Nf1 Bxf5 22.
Ne3 Bg6 23. Qb2 Qe7 24. Nb5 a4 25. b4 a3 26. Nxa3 Nd3+ 27. Bxd3 exd3 28. Nb5 Kg8
29. Rg1 Ne4 30. O-O-O Rxf2 31. Qd4 Raxa2 32. Rxd3 Nf6 33. Ra3 Rxa3 34. Nxa3 Re2
35. Nac2 Rf2 36. Qh4 Rf3 37. Qd4 Kf8 38. Nd1 Qe2 39. Nde3 Rf2 40. Re1 Qf3 41. c5
bxc5 42. bxc5 Kf7 43. cxd6 cxd6 44. Qa7+ Ke8 45. Nf5+ Re2 46. Rxe2+ Qxe2 47.
Nxd6+ Kf8 48. Qb8+ Ke7 49. Qc7+ Nd7 50. Nc8+ Ke8 51. Nd6+ Ke7 52. Nc8+ Kf6 53.
Qf4+ Bf5 54. Qxf5+ Kxf5 55. Nd4+ Ke4 56. Nxe2 Kxd5 57. Ne7+ Ke6 58. Nc6 Kf5 59.
Ng3+ Kg6 60. Kd2 Kxh6 61. Ke3 Kg6 62. Kf4 Nf6 63. Ne5+ Kg7 64. Nf5+ Kf8 65. Kg5
Ng8 66. Ng4 Kf7 67. Ng3 Ke6 68. Nh5 Kf7 69. Nf4 Ke7 70. Ne5 Kd6 71. Ng4 Ke7 72.
Nh5 Kf7 73. Nhf6 1/2-1/2

[Event "World Blitz 2025"]
[Site "Doha QAT"]
[Date "2025.12.29"]
[Round "7.105"]
[White "Dlugy, Maxim"]
[Black "Grafl, Florian"]
[Result "1-0"]
[WhiteTitle "GM"]
[BlackTitle "IM"]
[WhiteElo "2502"]
[BlackElo "2343"]
[WhiteFideId "2000075"]
[BlackFideId "4645715"]
[EventDate "2025.12.29"]

1. d4 Nc6 2. Nf3 d5 3. Bf4 Bg4 4. e3 Nf6 5. Bb5 e6 6. h3 Bxf3 7. Qxf3 a6 8.
Bxc6+ bxc6 9. O-O Bd6 10. c4 Rb8 11. b3 O-O 12. Nd2 c5 13. dxc5 Bxc5 14. Rac1
Bd6 15. Rfd1 c6 16. Bg5 Be7 17. Qe2 Qa5 18. Nf3 Rfe8 19. Ne5 Rbc8 20. cxd5 cxd5
21. Nc6 Qb5 22. Qxb5 1-0

[Event "World Blitz 2025"]
[Site "Doha QAT"]
[Date "2025.12.29"]
[Round "7.106"]
[White "Motylev, Alexander"]
[Black "Harshavardhan, G B"]
[Result "1/2-1/2"]
[WhiteTitle "GM"]
[BlackTitle "IM"]
[WhiteElo "2573"]
[BlackElo "2477"]
[WhiteFideId "4121830"]
[BlackFideId "25059009"]
[EventDate "2025.12.29"]

1. d4 Nf6 2. g3 c5 3. d5 e6 4. c4 exd5 5. cxd5 d6 6. Bg2 g6 7. e4 Bg7 8. Ne2 O-O
9. a4 Nbd7 10. O-O b6 11. Nec3 a6 12. Na3 Qc7 13. h3 Re8 14. Nc4 Ne5 15. Nxe5
Rxe5 16. f4 Re8 17. e5 Nd7 18. Ne4 dxe5 19. d6 Qb8 20. f5 Bb7 21. Qb3 Rf8 22.
fxg6 hxg6 23. Rxf7 Rxf7 24. Ng5 Bxg2 25. Qxf7+ Kh8 26. Qxd7 Qb7 27. Qg4 Bf6 28.
d7 Kg7 29. Be3 Bd5 30. Rd1 Qc6 31. Qh4 Rh8 32. Qg4 Rd8 33. h4 Qxd7 34. Qxd7+
Rxd7 35. Ne4 Be7 36. a5 bxa5 37. Bxc5 Kf7 38. Bxe7 Kxe7 39. Nc5 Rd6 40. Re1 e4
41. Ra1 Bc4 42. Nxe4 Rb6 43. Nd2 Be6 44. Rxa5 Rxb2 45. Ne4 Bf5 46. Nc5 Rb5 47.
Rxb5 axb5 48. Kf2 Kd6 49. Na6 Ke5 50. Ke3 Be6 51. Nb4 Bd7 52. Nd3+ Kf5 53. Nb4
Kg4 54. Kf2 Be6 55. Nc6 Bd5 56. Ne5+ Kf5 57. Nd3 Ke4 58. Nb4 Be6 59. Ke2 Bc8 60.
Nc6 Bg4+ 61. Kd2 Bd7 62. Ne7 Be8 63. g4 Kf4 64. h5 gxh5 65. gxh5 Bxh5 66. Kc3
Ke5 67. Kb4 Be2 68. Nc6+ Kd6 69. Nd4 Bc4 70. Nxb5+ Bxb5 71. Kxb5 Ke5 1/2-1/2

[Event "World Blitz 2025"]
[Site "Doha QAT"]
[Date "2025.12.29"]
[Round "7.107"]
[White "Rodrigue-Lemieux, Shawn"]
[Black "Assylov, Miras"]
[Result "1-0"]
[WhiteTitle "GM"]
[BlackTitle "FM"]
[WhiteElo "2517"]
[BlackElo "2393"]
[WhiteFideId "2620049"]
[BlackFideId "13728873"]
[EventDate "2025.12.29"]

1. e4 e5 2. Nf3 Nc6 3. Bc4 Nf6 4. d3 h6 5. O-O d6 6. a4 g6 7. a5 a6 8. Nc3 Bg7
9. h3 O-O 10. Re1 Kh7 11. Be3 Be6 12. b3 d5 13. exd5 Nxd5 14. Nxd5 Bxd5 15. Nd2
f5 16. Ra4 Qd7 17. Bxd5 Qxd5 18. Qf3 Qd7 19. Nc4 Rae8 20. Bc5 Rf7 21. Qe2 Qd5
22. b4 Rf6 23. Ne3 Qd7 24. Raa1 Rfe6 25. Rad1 Qf7 26. Nc4 Nb8 27. Qf3 Nc6 28. c3
e4 29. dxe4 Rxe4 30. Rxe4 Rxe4 31. Nd2 Re8 32. Nf1 Qf6 33. Rd7 Kh8 34. Rxc7 Rb8
35. g3 Qxc3 36. Qe2 Qe5 37. Qxe5 Bxe5 38. Rd7 Bc3 39. Ne3 Bxb4 40. Bxb4 Nxb4 41.
Nc4 Nc6 42. h4 g5 43. h5 Rd8 44. Rxb7 Rd4 45. Ne3 f4 46. Nf5 Rd1+ 47. Kg2 Nxa5
48. Rb8+ Kh7 49. Rb6 Nc4 50. Rxh6+ Kg8 51. Rg6+ Kf7 52. Rxg5 fxg3 53. fxg3 Kf6
54. Rg4 Rd2+ 55. Kh3 Ne5 56. Rf4 Kg5 57. Ne3 Nd3 58. Rf5+ Kh6 59. Ng4+ Kg7 60.
h6+ Kg6 61. Rf6+ Kg5 62. h7 Nf2+ 63. Rxf2 Rd8 64. Rf7 a5 65. Rg7+ 1-0

[Event "World Blitz 2025"]
[Site "Doha QAT"]
[Date "2025.12.29"]
[Round "7.108"]
[White "Suleymenov, Alisher"]
[Black "Volokitin, Andrei"]
[Result "1-0"]
[WhiteTitle "GM"]
[BlackTitle "GM"]
[WhiteElo "2505"]
[BlackElo "2619"]
[WhiteFideId "13707833"]
[BlackFideId "14107090"]
[EventDate "2025.12.29"]

1. d4 Nf6 2. c4 e6 3. Nc3 Bb4 4. a3 Bxc3+ 5. bxc3 c5 6. e3 Nc6 7. Ne2 b6 8. Ng3
O-O 9. e4 Ba6 10. Bg5 h6 11. h4 e5 12. d5 Na5 13. Nf5 hxg5 14. hxg5 g6 15. Qf3
d6 16. gxf6 Qxf6 17. Qh3 1-0

[Event "World Blitz 2025"]
[Site "Doha QAT"]
[Date "2025.12.29"]
[Round "7.77"]
[White "Can, Emre"]
[Black "Ammar, Sedrani"]
[Result "1-0"]
[WhiteTitle "GM"]
[BlackTitle "FM"]
[WhiteElo "2541"]
[BlackElo "2203"]
[WhiteFideId "6302181"]
[BlackFideId "9312331"]
[EventDate "2025.12.29"]

1. e4 c6 2. d4 d5 3. exd5 cxd5 4. Bd3 Nc6 5. c3 Nf6 6. h3 g6 7. Nf3 Bg7 8. O-O
O-O 9. Bf4 Nh5 10. Bh2 Bh6 11. Re1 Bf4 12. Nbd2 Qd6 13. Nf1 Bxh2+ 14. N1xh2 Nf4
15. Bf1 Bf5 16. Ng4 Bxg4 17. hxg4 Kg7 18. Qd2 Rac8 19. Re3 Ne6 20. Ne5 Kg8 21.
Rae1 Nxe5 22. dxe5 Qc5 23. Rh3 Rfd8 24. Qh6 Nf8 25. e6 f6 26. Bd3 Rd6 27. Bxg6 1-0

[Event "World Blitz 2025"]
[Site "Doha QAT"]
[Date "2025.12.29"]
[Round "7.78"]
[White "Grebnev, Aleksey"]
[Black "Nainys, Zanas"]
[Result "1-0"]
[WhiteTitle "GM"]
[WhiteElo "2632"]
[BlackElo "2307"]
[WhiteFideId "34189030"]
[BlackFideId "12844098"]
[EventDate "2025.12.29"]

1. Nf3 d5 2. b3 Bg4 3. e3 Nd7 4. Bb2 e5 5. h3 Bxf3 6. Qxf3 Ngf6 7. Qd1 Bd6 8. d3
O-O 9. Nd2 a5 10. a3 Re8 11. Be2 c6 12. O-O Nf8 13. c4 Ng6 14. Rc1 Qe7 15. a4
Ba3 16. Qc2 Bxb2 17. Qxb2 Qb4 18. cxd5 cxd5 19. Rc7 Nf8 20. Nf3 Qd6 21. Rxb7
N8d7 22. Rc1 Rab8 23. Rxb8 Rxb8 24. Qc3 h6 25. d4 exd4 26. Nxd4 Qb6 27. Qc7 Qxc7
28. Rxc7 Ne5 29. Rc5 Ne4 30. Rxd5 f6 31. f4 Nf7 32. Rxa5 Nfd6 33. Ra6 Rc8 34.
Rc6 Rb8 35. a5 Ne8 36. a6 1-0

[Event "World Blitz 2025"]
[Site "Doha QAT"]
[Date "2025.12.29"]
[Round "7.79"]
[White "Sahidi, Samir"]
[Black "Fandi, Mazen"]
[Result "1-0"]
[WhiteTitle "IM"]
[BlackTitle "FM"]
[WhiteElo "2516"]
[BlackElo "2304"]
[WhiteFideId "14936372"]
[BlackFideId "7611625"]
[EventDate "2025.12.29"]

1. e4 c6 2. d4 d5 3. Nc3 dxe4 4. Nxe4 Bf5 5. Ng3 Bg6 6. Nf3 Nd7 7. Bc4 e6 8. O-O
Ngf6 9. Re1 Be7 10. c3 O-O 11. a4 c5 12. a5 cxd4 13. Nxd4 Rc8 14. Bxe6 fxe6 15.
Nxe6 Qe8 16. Nxf8 Qxf8 17. Qb3+ Kh8 18. Qxb7 Rb8 19. Qf3 Bd6 20. Bf4 Bxf4 21.
Qxf4 Rxb2 22. Rad1 h6 23. h3 Qc5 24. a6 Qxc3 25. Re7 Rb1 26. Rxb1 Bxb1 27. Qd6
Qd3 28. Qc6 Ba2 29. Qa8+ Kh7 30. Qxa7 Bc4 31. Qc7 Bxa6 32. Qa5 Bc4 33. Nf5 Nh5
34. Ne3 Ndf6 35. Qf5+ Qxf5 36. Nxf5 Bd3 37. Nd4 Nf4 38. Ra7 Ne2+ 39. Nxe2 Bxe2
40. f3 Bd3 41. Kf2 Bf5 42. g4 Be6 43. h4 h5 44. g5 Nd5 45. Ra6 Bf7 46. Kg3 Ne7
47. Ra7 Nf5+ 48. Kh3 Be6 49. Ra6 Bc8 50. Rb6 Ne3+ 51. Kh2 Nf5 52. Rb4 Be6 53.
Kg2 Bf7 54. Kf2 Bg6 55. Ke2 Kg8 56. Kd2 Kf7 57. Kc3 Ke6 58. Rb6+ Kf7 59. Rb4 Ke6
60. Kd2 Ke5 61. Ke2 Nd4+ 62. Kf2 Nf5 63. Ra4 Ke6 64. Ra7 Be8 65. f4 g6 66. Ra6+
Kf7 67. Ra7+ Kf8 68. Kf3 Nxh4+ 69. Ke4 Nf5 70. Ke5 Ne3 71. Ke6 Ng4 72. f5 gxf5
73. Kxf5 Ne3+ 74. Ke6 Kg8 75. Ra8 Kf8 76. g6 h4 77. Rxe8+ Kg7 78. Kd6 Nf5+ 79.
Ke5 Kxg6 80. Rg8+ Ng7 81. Kf4 Kf7 82. Rh8 Kg6 83. Rxh4 Ne6+ 84. Ke5 Ng7 85. Rg4+
Kf7 86. Rg2 Ne6 87. Rb2 Ng7 88. Rb6 Nh5 89. Kf5 Ng7+ 90. Kg5 Ne6+ 91. Kg4 Kf6
92. Rb5 Kf7 93. Ra5 Kf6 94. Kf3 Ng7 95. Ke4 Ne6 96. Rf5+ Ke7 97. Ke5 Nc5 98. Kd5
Nd7 99. Rf1 Nf6+ 100. Ke5 Nd7+ 101. Kf5 Kd6 102. Rd1+ Ke7 103. Rd2 Nf6 104. Ra2
Nd7 105. Ra6 Kf7 106. Re6 Nf8 107. Rh6 Ke7 108. Ra6 Nd7 109. Rc6 Nf8 110. Rh6
Nd7 111. Re6+ Kf7 112. Re1 Nf8 113. Ke5 Ke7 114. Kd5+ Kf7 115. Kd6 Nh7 116. Rf1+
Kg6 117. Ke5 Kg7 118. Kf5 Nf8 119. Rb1 Kf7 120. Rb7+ Ke8 121. Ra7 Kd8 122. Kf6
Nd7+ 123. Ke6 Nf8+ 124. Kd6 Ke8 125. Re7+ Kd8 126. Re1 Nd7 127. Ra1 Nb8 128. Ra7
Kc8 129. Rh7 Na6 130. Rg7 Kb8 131. Kc6 Nb4+ 132. Kc5 Nd3+ 133. Kb5 Ne5 134. Re7
Ng6 135. Re6 Nf4 136. Re4 Ng6 137. Kc6 Ka7 138. Kd6 Nf8 139. Rg4 Nh7 140. Ke7
Kb6 141. Rg7 1-0